000 00641nam a2200205Ia 4500
003 GCL
008 140319s9999 xx 000 0 ara d
040 _aGCL /
_cGCL
082 0 4 _aط
_b813.03
_bى ج
100 1 _aيعقوب الشارونى
245 1 0 _aجحا والغول وحكايات اخرى /
_cيعقوب الشارونى
700 1 _aعادل البطراوى
260 _a[S.N] :
_bمركز الاهرام للترجمة والنشر ،
_c1986
300 _a39 ص
490 _aحكايات اعجبتنى
_v0
650 0 4 _aالاطفال
650 0 4 _aالقصص
650 0 4 _aقصص الاطفال
942 _2ddc
_cBK
999 _c27731
_d27731